000 00325nam a22001457a 4500
003 SGT
020 _a978-1-118-38188-5
082 _a618.92
_bR18T
100 _aTHAPAR, ANITA
245 _aRUTTER'S CHILD AND ADOLESCENT PSYCHIATRY
250 _a6TH
260 _bWILEY BLACKWELL
_c2018
300 _a1077
942 _2ddc
_cBK
999 _c18072
_d18072